000
00288nam a22001097a 4500
008
230606b xxu||||| |||| 00| 0 eng d
082
_a
336.36
245
_a
Medium Term Debt Management Starategy
_b
2009/10-2011/12
260
_b
Ministry of Finance
_c
2009/10
300
_a
25 p
942
_2
ddc
_c
BK
999
_c
597
_d
597